Statistiques concernant Culture Générale - Série 717

Cliquez ici pour prendre le quiz!

Statistiques générales

  • Ce quiz a été pris 158 fois
  • Le résultat moyen est 7 sur 10

Statistiques - réponses

QuestionRéponse% Correct
A Lyon, elles sont au nombre de 3 sous les noms Lyon Perrache, Lyon Part-Dieu et Lyon Saint-Exupéry. Que sont-elles ?gares
96%
Quel grand singe d'Afrique a donné son nom à un garde du corps, chargé de la sécurité des personnages officiels ?gorille
96%
Selon l'ordre de placement des lettres, un clavier d'ordinateur est appelé QWERTY ou ...AZERTY
95%
Quelle mer est reliée à la Méditerranée par le canal de Suez ?La mer Rouge
87%
Complétez le titre du film réalisé en 1973 par Tonino Valerii "Mon nom est ...Personne
82%
Dans quel film de 1991, Clarice Starling rencontre-t-elle Hannibal Lecter ?Le Silence des agneaux
72%
Quel compositeur allemand a écrit l'opéra : "Le Vaisseau fantôme" au 19e siècle ?Richard Wagner
65%
Complétez le titre du roman de Balzac "Le lys ...dans la vallée
47%
De quelle star, Claudette, la candidate de "La Ferme Célébrités en Afrique", est-elle la soeur ?Céline Dion
11%
Quelle dynastie d'empereurs romains succède à celle des Antonins ?Les Sévères
7%

Distribution des résultats

Percentile par nombre de réponses

% des personnes avec chaque résultat

Votre développement - résultats

Vous n’avez pas pris ce quiz